000 00762cab a2200217 4500
001 ABS53902
008 090401t1995 xxu||||| |||| 00| 0 eng d
035 _a(Sirsi) u7281
041 _aeng
100 _aVarcoe, B.
245 _aAssets or liabilities: property performance in context
260 _c1995
350 _a0
490 _aProperty Review
_v5(9) November 1995, 281-284(4)
520 _aLooks at the contribution of asset/facility managers to efficiency, describes what an asset is, how to measure performance and how to apply techniques that have been identified as being needed.
650 _aFACILITIES MANAGEMENT
_96240
650 _aPERFORMANCE MEASUREMENT
690 _aPROPERTY-COMMERCIAL PROPERTY
942 _n0
948 _c04/03/1997
999 _c4381
_d4381